书目信息 |
| 题名: |
基金投资者养成笔记
|
|
| 作者: | 王小刚 主编 | |
| 分册: | ||
| 出版信息: | 北京 机械工业出版社 2021.02 |
|
| 页数: | XI, 193页 | |
| 开本: | 23cm | |
| 丛书名: | ||
| 单 册: | ||
| 中图分类: | F830.59 | |
| 科图分类: | ||
| 主题词: | 基金--ji jin--投资 | |
| 电子资源: | ||
| ISBN: | 978-7-111-67433-7 | |
| 000 | 01242nam0 2200301 450 | |
| 001 | 202021194798 | |
| 005 | 20211025120147.0 | |
| 010 | @a978-7-111-67433-7@dCNY48.00 | |
| 092 | @aCN@bRt967-1089 | |
| 100 | @a20211005d2021 em y0chiy50 ea | |
| 101 | 0 | @achi |
| 102 | @aCN@b110000 | |
| 105 | @ak z 000yy | |
| 106 | @ar | |
| 200 | 1 | @a基金投资者养成笔记@Aji jin tou zi zhe yang cheng bi ji@d= Notes on the cultivation of fund investors@e最美的66位投资者来信@f王小刚主编@zeng |
| 210 | @a北京@c机械工业出版社@d2021.02 | |
| 215 | @aXI, 193页@d23cm | |
| 314 | @a王小刚, 华商基金管理有限公司总经理。 | |
| 330 | @a本书汇集华商基金持有人大量优质、专业、真实、真诚的投稿, 稿件内容均为投资者自身的基金投资感悟、基金理念总结, 并记录一批明星基金经理的投资智慧、经验总结、资管笔记、研究心得。通过基金理财, 这些投资者实现了财富增值, 提高了生活质量, 使自己的家庭生活越来越“美”。 | |
| 510 | 1 | @aNotes on the cultivation of fund investors@zeng |
| 517 | 1 | @a最美的66位投资者来信@Azui mei de 66 wei tou zi zhe lai xin |
| 606 | 0 | @a基金@Aji jin@x投资 |
| 690 | @aF830.59@v5 | |
| 701 | 0 | @a王小刚@Awang xiao gang@4主编 |
| 801 | 0 | @aCN@c20210909 |
| 901 | @a机械工业出版社 | |
| 905 | @a河南城建学院图书馆@dF830.59@eW381 | |
| 997 | @a期货 | |
| 基金投资者养成笔记= Notes on the cultivation of fund investors:最美的66位投资者来信/王小刚主编.-北京:机械工业出版社,2021.02 |
| XI, 193页;23cm |
| ISBN 978-7-111-67433-7:CNY48.00 |
| 本书汇集华商基金持有人大量优质、专业、真实、真诚的投稿, 稿件内容均为投资者自身的基金投资感悟、基金理念总结, 并记录一批明星基金经理的投资智慧、经验总结、资管笔记、研究心得。通过基金理财, 这些投资者实现了财富增值, 提高了生活质量, 使自己的家庭生活越来越“美”。 |
| ● |
| 相关链接 |
|
|
|
正题名:基金投资者养成笔记
索取号:F830.59/W381
 
预约/预借
| 序号 | 登录号 | 条形码 | 馆藏地/架位号 | 状态 | 备注 |
| 1 | 1544125 | 215441252 | 社科库409/409社科库 52排1列4层/ [索取号:F830.59/W381] | 在馆 | |
| 2 | 1544126 | 215441261 | 社科库409/409社科库 52排1列4层/ [索取号:F830.59/W381] | 在馆 |